Jake "The Snake" Roberts's WrestleMania Opponents - Statistics

General Stats
  • This quiz has been taken 6 times
  • The average score is 6 of 10
Answer Stats
WrestleMania Opponent % Correct
WrestleMania VIII The Undertaker
83%
WrestleMania V André the Giant
67%
WrestleMania IV Rick Rude
67%
WrestleMania 2 George Wells
50%
WrestleMania III Honky Tonk Man
50%
WrestleMania XII Owen Hart
50%
WrestleMania VII Rick Martel
50%
WrestleMania VI Ted DiBiase
50%
WrestleMania XII The British Bulldog
50%
WrestleMania XII Vader
50%
No matching quizzes found
Score Distribution
Percent of People with Each Score
Percentile by Number Answered
Your Score History
You have not taken this quiz